| 000 | 00819aam a2200289 i 4500 | ||
|---|---|---|---|
| 001 | 76714001 | ||
| 003 | CO-MdFUSB | ||
| 005 | 20250916181034.0 | ||
| 007 | ta | ||
| 008 | 250916t1929 xxu||||| |||| 00| 0 eng d | ||
| 040 |
_aCO-MdFUSB _bspa _cCO-MdFUSB _dCO-MdFUSB _erda |
||
| 041 | 0 | _aeng | |
| 082 | 0 | 4 |
_223 _a251 _bB6325b |
| 100 | 1 |
_aBlackwood, Andrew Watterson _eautor |
|
| 245 | 1 | 0 |
_aPreaching from prophetic books _c/ Andrew Watterson Blackwood |
| 264 | 1 |
_bAbingdon Cokesbury Press, _aNew York, USA : _c[1929] |
|
| 264 | 4 | _a©1929 | |
| 300 | _a224 páginas | ||
| 336 |
_atexto _btxt _2rdacontent |
||
| 337 |
_2rdamedia _asin mediación _bn |
||
| 338 |
_2rdacarrier _avolumen _bnc |
||
| 563 | _aPasta dura | ||
| 653 | _aHomilética | ||
| 942 | _cBK | ||
| 945 | _aElías Tolentino | ||
| 999 |
_c36384 _d36384 |
||